Personnages préférés des fans de stranger things - Statistiques

Statistiques générales
  • Ce quiz a été pris 29 fois
  • Le résultat moyen est 15 sur 20
Statistiques - réponses
Personnages % Correct
2 Dustin
96%
5 Max
92%
3 Onze
92%
1 Steve
92%
10 Nancy
88%
7 Will
88%
6 Hopper
85%
13 Joyce
85%
11 Lucas
85%
9 Mike
85%
8 Robin
81%
19 Billy
73%
15 Erica
73%
14 Jonathan
69%
16 Holly
62%
12 Murray
58%
20 Bob
50%
4 Eddie
50%
18 Karen
42%
17 Derek
27%
Aucun quiz correspondant
Distribution des résultats
% des personnes avec chaque résultat
Percentile par nombre de réponses
Votre historique - résultats
Vous n’avez pas pris ce quiz